000 00336nam a22001577a 4500
003 SGT
020 _a9788175156364
082 _a624.17,PRA
100 _aPRASAD,V.S
245 _aSTRUCTURAL ANALYSIS
250 _a3RD
260 _aNEW DELHI
_bGALGOTIA
_c2015
300 _a546
650 _aCIVIL ENGINEERING
942 _2ddc
_cBK
_04
999 _c18291
_d18291